Principles of administrative law (Record no. 28930)

MARC details
000 -LEADER
fixed length control field 00471nam a2200181Ia 4500
008 - FIXED-LENGTH DATA ELEMENTS--GENERAL INFORMATION
fixed length control field 230917s9999||||xx |||||||||||||| ||und||
020 ## - ISBN
Price RS1695
040 ## - CATALOGING SOURCE
-- 251347
Original cataloging agency VIVEKANANDA LIBRARY
041 ## - Language
-- English
082 ## - DDC NUMBER
Classification number 342 J199P(7)
100 ## - MAIN ENTRY--PERSONAL NAME
Personal name Jain, M P
245 #0 - TITLE STATEMENT
Title Principles of administrative law
250 ## - EDITION STATEMENT
Edition statement 7th ed.
260 ## - PUBLICATION, DISTRIBUTION, ETC. (IMPRINT)
Place of publication, distribution, etc Gurgaon
Name of publisher, distributor, etc Lexis Nexis
Date of publication, distribution, etc 2017
300 ## - PHYSICAL DESCRIPTION
Pages cxlvi, 1042 p.
500 ## - GENERAL NOTE
General note 3319 05/11/2018 HBD18/7590 19/12/2018 Main Budget
942 ## - ADDED ENTRY ELEMENTS (KOHA)
Koha item type Books
Holdings
Withdrawn status Lost status Damaged status Not for loan Location (home branch) Sublocation or collection (holding branch) Date acquired Koha issues (times borrowed) Koha full call number Accession No. Koha date last seen Koha item type
        VIVEKANANDA LIBRARY VIVEKANANDA LIBRARY 14/01/2019 2 342 J199P(7) 376186 15/04/2024 Books
        VIVEKANANDA LIBRARY VIVEKANANDA LIBRARY 14/01/2019 4 342 J199P(7) 376187 18/08/2025 Books
        VIVEKANANDA LIBRARY VIVEKANANDA LIBRARY 14/01/2019 2 342 J199P(7) 376188 24/02/2025 Books
        VIVEKANANDA LIBRARY VIVEKANANDA LIBRARY 14/01/2019 5 342 J199P(7) 376189 18/11/2025 Books
        VIVEKANANDA LIBRARY VIVEKANANDA LIBRARY 14/01/2019 1 342 J199P(7) 376190 26/02/2024 Books
© Designed and Maintained by Vivekananda Library, MDU Rohtak